| 000 | 00639nam a2200229 a 4500 | ||
|---|---|---|---|
| 001 | 70249 | ||
| 003 | BD-RjUL | ||
| 005 | 20211209081959.0 | ||
| 008 | 070416s1975 nyua b 001 0 eng d | ||
| 035 | _a(BD-RjUL)70463 | ||
| 040 |
_aDLC/ICU _cICU _dBD-RjUL _beng |
||
| 041 | _aeng | ||
| 082 | 0 | 0 |
_a519.72 _bGAL 1975 _223 |
| 100 | 1 |
_aGass, Saul I. _928798 |
|
| 245 | 1 | 0 |
_aLinear programming : _bmethods and applications / _cSaul I. Gass. |
| 250 | _a4th ed. | ||
| 260 |
_aNew York : _bMcGraw-Hill, _cc1975. |
||
| 300 |
_ax, 406 p. : _bill. ; _c23 cm. |
||
| 500 | _aIncludes index. | ||
| 650 | 0 |
_aLinear programming. _928799 |
|
| 942 |
_2ddc _cBK |
||
| 999 |
_c70249 _d70249 |
||